| 000 | 00745nam a2200193Ia 4500 | ||
|---|---|---|---|
| 008 | 0000002007 sp a 0000000000spa00 | ||
| 090 | _aPSP00 B41f | ||
| 100 | 1 |
_aBlázquez, Francisca _d1966 |
|
| 245 | 1 | 0 |
_aFrancisca Blázquez _b: dimensionalismo |
| 300 |
_a51 p. _c/ 21 cm. |
||
| 500 | _aExposición realizada en Palacio de Congresos de Madrid, Febrero 1628, 2007 \ Con el patronazgo del maestro venezolano Jesús Rafael Soto (q.e.p.d.) | ||
| 600 | 0 | 0 |
_aBLAZQUEZ, FRANCISCA, 1966/ _xTRABAJOS PICTORICOS |
| 650 | 1 | 4 | _aARTE CONTEMPORANEO ESPAÑOL |
| 650 | 1 | 4 | _xCATALOGOS |
| 650 | 1 | 4 | _xEXPOSICIONES |
| 650 | 1 | 4 | _aPINTORES ESPAÑOLES |
| 650 | 1 | 4 | _aPINTURA ESPAÑOLA |
| 999 |
_c6143 _d6143 |
||
| 260 |
_aMadrid : Palacio de Congresos de Madrid _c2007 |
||